| 000 | 00331cam a22001217a 4500 | ||
|---|---|---|---|
| 008 | 180718b1934 xxu||||| |||| 00| 0 eng d | ||
| 082 | _aT19x54 N164 | ||
| 100 | _aNarayan, Brij | ||
| 245 |
_aIndia in the crisis _cby Brij Narayan |
||
| 260 |
_aAllahabad _bIndia PRess _c1934 |
||
| 300 | _a399p. | ||
| 650 | _aIndia --Economic conditions | ||
| 999 |
_c375104 _d375104 |
||